大韩民国所有首都城市 Capital Cites of Republic of Korea Since 1919 - Statistics

General Stats
  • This quiz has been taken 10 times
  • The average score is 16 of 19
Answer Stats
时期 开始时间 结束时间 首都 % Correct
临时政府 1919.4 1932.5 上海
100%
临时政府 1932.5 1935.10 杭州
100%
临时政府 1932.11 1937.11 南京
100%
临时政府 1938.7 1938.11 广州
100%
临时政府 1940.9 1945.11 重庆
100%
过渡政府 1945.11 1948.8 汉城
100%
大韩民国 1948.8 1950.6 汉城
100%
大韩民国 1950.7 1953.8 釜山
100%
大韩民国 1953.8 2005.1 汉城
100%
临时政府 1937.11 1937.12 汉口
89%
临时政府 1937.12 1938.7 长沙
89%
大韩民国 2005.1 至今 首尔
89%
临时政府 1939.4 1939.5 贵阳
78%
大韩民国 1950.7 1950.7 大邱
78%
大韩民国 1950.6 1950.7 大田
67%
临时政府 1935.10 1936.2 嘉兴
56%
临时政府 1932.10 1932.11 镇江
44%
临时政府 1938.11 1939.4 柳州
44%
临时政府 1939.5 1940.9 綦江
22%
No matching quizzes found
Score Distribution
Percent of People with Each Score
Percentile by Number Answered
Your Score History
You have not taken this quiz